South America, Central America and the Caribbean 2002
Uloženo v:
| Médium: | Kniha |
|---|---|
| Jazyk: | angličtina |
| Vydáno: |
Londres
Europa Publications
2001
|
| Vydání: | 10a. ed |
| Témata: | |
| Tagy: |
Přidat tag
Žádné tagy, Buďte první, kdo vytvoří štítek k tomuto záznamu!
|
MARC
| LEADER | 00000nam a2200000 a 4500 | ||
|---|---|---|---|
| 001 | UCM2731 | ||
| 003 | CL-VaPUC | ||
| 008 | 020613e20010000UK |||||||||||||||||eng|d | ||
| 082 | 0 | 4 | |a 030.98 |b SOU |2 21 |
| 245 | 1 | 0 | |a South America, Central America and the Caribbean 2002 |
| 250 | |a 10a. ed | ||
| 300 | |a 930 p | ||
| 942 | |c BK | ||
| 945 | |d 20020613 00:00:00 |a cmena | ||
| 260 | |a Londres |b Europa Publications |c 2001 | ||
| 650 | 0 | |a Anuarios |9 258977 | |
| 650 | 0 | |a Desarrollo económico y social |9 256320 | |
| 650 | 7 | |a DIVISION POLITICA |2 CL-VaPUC |9 469494 | |
| 651 | 0 | |a América del Sur |9 260128 | |
| 651 | 0 | |a América Central |9 255026 | |
| 651 | 0 | |a El Caribe |9 341255 | |
| 583 | |a last modification |c 20020613 00:00:00 |k Rodrigo Vera | ||
| 999 | |c 300452 |d 300450 | ||
| 952 | |0 0 |1 0 |4 0 |6 030_980000000000000_SOU_2001 |7 0 |8 A |9 358239 |a BIBHIS |b BIBHIS |d 2019-11-21 |i 3819337 |o 030.98 SOU 2001 |p 3819337 |r 2025-01-20 |w 2019-11-21 |y BK |k HIS | ||